Vocabulaire d'allemand #1 - Statistiques

Statistiques générales
  • Ce quiz a été pris 136 fois
  • Le résultat moyen est 12 sur 46
Statistiques - réponses
Français allemand % Correct
la cuisine die Küche
60%
les cuisines die Küchen
53%
la toilette die Toilette
53%
les toilettes die Toiletten
53%
pratique praktisch
51%
sombre dunkel
47%
calme ruhig
47%
le canapé das Sofa
45%
l'appartement die Wohnung
43%
les canapés die Sofas
40%
l'armoire der Schrank
38%
les appartements die Wohnungen
38%
le réfrigérateur der Kühlschrank
36%
les refrigerateurs die Kühlschränke
34%
les armoires die Schränke
34%
la chambre à coucher / les chambres das Schlafzimmer
32%
confortable bequem
28%
la situation die Lage
28%
pas confortable unbequem
26%
la salle à manger / les salles à manger das Esszimmer
23%
les situations die Lagen
23%
merveilleux wunderschön
23%
le salon / les salons das Wohnzimmer
21%
la salle de bains /les salles de bains das Badzimmer
19%
l'étagère das Regal
19%
la cave / les caves der Keller
19%
les étagères die Regale
19%
la colocation die Wohngemeinschaft
19%
les colocations die Wohngemeinschaften
19%
être situé / se trouver liegen
19%
aller aux toilettes auf die Toilette gehen
15%
le coussin / les coussins das Kissen
15%
l'étage der Stock
15%
les étages die Stöcke
15%
la rez-de-chaussée das Erdgeschoss
13%
sale dreckig
13%
la proximité in der Nähe
13%
le grenier / les greniers der Dachboden
11%
les rez-de-chaussée die Erdgeschosse
11%
la maison individuelle das Einfamilienhaus
9%
les maisons individuelles die Einfamilienhäuser
9%
agréable gemütlich
9%
pas merveilleux hässlich
9%
pas agréable ungemütlich
9%
l'immeuble d'habitation der Wohnblock
6%
les immeubles d'habitation die Wohnblöcke
6%
Aucun quiz correspondant
Distribution des résultats
% des personnes avec chaque résultat
Percentile par nombre de réponses
Votre historique - résultats
Vous n’avez pas pris ce quiz